Unidad simbólica y destino del hombre en la tierra o Filosofía de la razón por un amigo del hombre / (Record no. 23443)

MARC details
000 -LEADER
campo de control de longitud fija 00490nam a2200157 i 4500
001 - NÚMERO DE CONTROL
campo de control 23443
003 - IDENTIFICADOR DE NÚMERO DE CONTROL
campo de control ES-MaACL
005 - FECHA Y HORA DE LA ÚLTIMA TRANSACCIÓN
campo de control 20230906152855.0
007 - CAMPO FIJO DE DESCRIPCIÓN FÍSICA--INFORMACIÓN GENERAL
campo de control de longitud fija t|
008 - DATOS DE LONGITUD FIJA--INFORMACIÓN GENERAL
campo de control de longitud fija 021210s1937 sp ||||1| spa d
100 1# - ENTRADA PRINCIPAL--NOMBRE DE PERSONA
Nombre de persona Alvarez Guerra, José.
9 (RLIN) 20833
245 10 - MENCIÓN DEL TÍTULO
Título Unidad simbólica y destino del hombre en la tierra o Filosofía de la razón por un amigo del hombre /
Mención de responsabilidad, etc. José Alvarez Guerra.
260 ## - PUBLICACIÓN, DISTRIBUCIÓN, ETC.
Lugar de publicación, distribución, etc. Madrid :
Nombre del editor, distribuidor, etc. Marcelino Caleso,
Fecha de publicación, distribución, etc. 1937.
300 ## - DESCRIPCIÓN FÍSICA
Extensión 2 v.
852 ## - LOCALIZACIÓN
Ubicación ES-MaACL
Número de control de estantería G-9275-6
Holdings
Estatus retirado Estado de pérdida Estado de daño No para préstamo Biblioteca de origen Biblioteca actual Ubicación en estantería Fecha de adquisición Fuente de adquisición Total de préstamos Signatura topográfica completa Código de barras Visto por última vez Precio de reemplazo Tipo de ítem Koha
        Biblioteca del Ateneo de Madrid Biblioteca del Ateneo de Madrid Sala Pecera Planta 3 17/01/2008     G-9275-6 1024154 23/02/2023 23/02/2023 Libro impreso